The dressmaker [large print] / Kate Alcott.
Record details
- ISBN: 9781611733518
- Physical Description: 455 pages (large print) ; 23 cm.
- Edition: Center Point large print edition
- Publisher: Thorndike, Me. : Center Point Pub., 2012.
Search for related items by subject
| Subject: | Titanic (Steamship) > Fiction. Women dressmakers > Fiction. Shipwreck survival > Fiction. Large type books. |
Available copies
- 1 of 1 copy available at scottsboropl.
Holds
- 0 current holds with 1 total copy.
Other Formats and Editions
Show Only Available Copies
| Location | Call Number / Copy Notes | Barcode | Shelving Location | Status | Due Date |
|---|---|---|---|---|---|
| scottsboropl | F Alc | 32269000894629 | Adult - Fiction | Available | - |
| LDR | 00851cam a22002538a 4500 | ||
|---|---|---|---|
| 001 | 134214 | ||
| 003 | CONS | ||
| 005 | 20140703073308.0 | ||
| 008 | 111026r20122011meu d 000 1 eng | ||
| 010 | . | ‡a 2011044915 | |
| 020 | . | ‡a9781611733518 | |
| 035 | . | ‡a(CPomAG)LMN506598 | |
| 050 | 1 | 0. | ‡aPR6101.L426 ‡bD74 2012 |
| 100 | 1 | . | ‡aAlcott, Kate. |
| 245 | 1 | 4. | ‡aThe dressmaker ‡h[large print] / ‡cKate Alcott. |
| 250 | . | ‡aCenter Point large print edition | |
| 260 | . | ‡aThorndike, Me. : ‡bCenter Point Pub., ‡c2012. | |
| 300 | . | ‡a455 pages (large print) ; ‡c23 cm. | |
| 610 | 2 | 0. | ‡aTitanic (Steamship) ‡vFiction. |
| 650 | 0. | ‡aWomen dressmakers ‡vFiction. | |
| 650 | 0. | ‡aShipwreck survival ‡vFiction. | |
| 650 | 0. | ‡aLarge type books. | |
| 959 | . | ‡i32269000894629 ‡lF Alc ‡aAdult - Fiction ‡tFiction ‡g37.00 | |
| 852 | . | ‡p32269000894629 ‡jF Alc ‡gAdult - Fiction ‡cFiction ‡y37.00 ‡bSBPL | |
| 901 | . | ‡a134214 ‡bUnknown ‡c134214 ‡tbiblio | |